Normal view
MARC view
- Laurie S. Starkey
Entry Personal Name
001 - CONTROL NUMBER
- control field: 128961
003 - CONTROL NUMBER IDENTIFIER
- control field: NUST
005 - DATE AND TIME OF LATEST TRANSACTION
- control field: 20250515122949.0
008 - FIXED-LENGTH DATA ELEMENTS
- fixed length control field: 250515|| aca||aabn | a|a d
040 ## - CATALOGING SOURCE
- Original cataloging agency: NUST
- Transcribing agency: NUST
100 ## - HEADING--PERSONAL NAME
- Personal name: Laurie S. Starkey
670 ## - SOURCE DATA FOUND
- Source citation: Work cat.: (NUST)0: Starkey, Laurie Shaffer, 1969- author. 128959, Introduction to Strategies for Organic Synthesis
